Top 100 Big 4 US Sports athletes of 2010's - Statistics

General Stats
  • This quiz has been taken 34 times
  • The average score is 38 of 100
Answer Stats
Hint Answer % Correct
1. NBA Lebron James
100%
3. NBA Steph Curry
97%
2. NFL Tom Brady
97%
18. NFL Peyton Manning
81%
5. NBA Kevin Durant
78%
7. NHL Sidney Crosby
72%
4. MLB Mike Trout
69%
14. NFL Patrick Mahomes
69%
36. NFL Antonio Brown
66%
22. NBA Kobe Bryant
66%
6. NFL Aaron Rodgers
63%
11. NHL Alex Ovechkin
63%
50. MLB Aaron Judge
59%
17. NFL Calvin Johnson
59%
26. NBA James Harden
59%
27. NFL Julio Jones
59%
80. NFL Lamar Jackson
59%
10. NFL Rob Gronkowski
59%
16. NBA Russel Westbrook
59%
13. MLB Shohei Ohtani
59%
67. NFL Chandler Jones
56%
15. NHL Connor Mcdavid
56%
87. NFL Dez Bryant
56%
79. NFL Russel Wilson
53%
20. NBA Giannis Antetokounmpo
50%
85. NFL JJ Watt
50%
45. NBA. Klay Thompson
50%
95. NFL T.J. Watt
50%
44. NFL A.J. Green
47%
63. NBA Anthony Davis
47%
34. NBA Chris Paul
47%
29.MLB Clayton Kershaw
47%
32. NBA Dwayne Wade
47%
25. NBA Kawhi Leonard
47%
40. NBA Kyrie Irving
47%
12. NBA Nikola Jokic
47%
54. NBA Paul George
47%
39. NFL Travis Kelce
47%
9. MLB Bryce Harper
44%
47. NFL Jason Kelce
44%
78. NFL Jason Peters
44%
89. NBA Luka Doncic
44%
42. NFL Philip Rivers
44%
8. NFL Aaron Donald
41%
21. NFL Adrian Peterson
41%
65. NFL Patrick Peterson
41%
62. NFL Cam Newton
38%
81. NFL Leveon Bell
38%
19. MLB Mookie Betts
38%
59. NFL Derrick Henry
34%
64. MLB Freddie Freeman
34%
70. MLB Jose Altuve
34%
33. MLB Justin Verlander
34%
84. NBA Chris Bosh
31%
68. NBA Damien Lillard
31%
61. NFL Demaryius Thomas
31%
57. NBA Derrick Rose
31%
60. MLB Giancarlo Stanton
31%
75. NFL Joe Thomas
31%
98. NFL Khalil Mack
31%
86. NFL Kyle Williams
31%
37. NHL Nathan Mackinnon
31%
28. NHL Patrick Kane
31%
100. NFL Trent Williams
31%
71. NFL Luke Kuechly
28%
30. NFL Matt Ryan
28%
72. NFL Richard Sherman
28%
74. NFL Von Miller
28%
53. NHL Auston Matthews
25%
55. NFL Ezekiel Elliott
25%
58. NFL DeAndre Hopkins
22%
88. NHL Jonathan Toews
22%
23. NFL Larry Fitzgerald
22%
69. NHL Nikita Kucherov
22%
24. NFL Darrelle Revis
19%
66. NFL Mike Evans
19%
49. NFL Todd Gurley
19%
31. NFL Bobby Wagner
16%
41. NBA Carmelo Anthony
16%
92. MLB Chris Sale
16%
94. NHL Henrik Lundqvist
16%
83. MLB Jose Bautista
16%
73. NBA Karl Anthony Towns
16%
35.NFL Myles Garrett
16%
43. NFL Antonio Gates
13%
46. MLB Joey Votto
13%
96. NHL Jonathan Quick
13%
52. NFL Ndomikun Suh
13%
38. NFL Troy Polamalu
13%
77. NHL Cale Makar
9%
99. NFL Cam Heyward
9%
93. NHL Drew Doughty
9%
51. NFL Jalen Ramsey
9%
90. NFL Stephon Gilmore
9%
76. NHL Victor Hedman
9%
91. NFL Eric Berry
3%
56. NFL Justin Tucker
3%
82. MLB Paul Goldschmidt
3%
48. NFL Andrew Witworth
0%
97. NFL T.Y. Hilton
0%
No matching quizzes found
Score Distribution
Percent of People with Each Score
Percentile by Number Answered
Your Score History
You have not taken this quiz